High speed rail (Record no. 113095)
[ view plain ]
| 000 -LEADER | |
|---|---|
| fixed length control field | 01461cad a22002175a 4500 |
| 001 - CONTROL NUMBER | |
| control field | L154669 |
| 008 - FIXED-LENGTH DATA ELEMENTS--GENERAL INFORMATION | |
| fixed length control field | 120111s2012 xxk f 000 0 eng d |
| 035 ## - SYSTEM CONTROL NUMBER | |
| System control number | (Sirsi) u154669 |
| 041 0# - LANGUAGE CODE | |
| Language code of text/sound track or separate title | eng |
| 110 2# - MAIN ENTRY--CORPORATE NAME | |
| Corporate name or jurisdiction name as entry element | United Kingdom |
| Subordinate unit | Department of Transport |
| 9 (RLIN) | 4934 |
| 245 00 - TITLE STATEMENT | |
| Title | High speed rail |
| Remainder of title | investing in Britain's future |
| -- | the Government's decisions |
| Medium | [electronic resource] |
| 260 ## - PUBLICATION, DISTRIBUTION, ETC. | |
| Place of publication, distribution, etc. | London |
| Name of publisher, distributor, etc. | DoT |
| Date of publication, distribution, etc. | 2012 |
| 520 ## - SUMMARY, ETC. | |
| Summary, etc. | New national high speed rail network to be built for faster journeys and new capacity from 2026. It will be built in two phases the first of which will see the construction of a new 140 mile line between London and Birmingham by 2026; the second phase will see lines built from Birmingham to Leeds and Manchester by 2033. The new network will have considerably higher passenger capacity along the key transport corridors of Britain with up to 26 000 extra passenger seats an hour and reduced journey times from London to Birmingham from 1 hour 24 minutes to 45 minutes. |
| 590 ## - LOCAL NOTE (RLIN) | |
| Local note | KA NTK |
| 651 #4 - SUBJECT ADDED ENTRY--GEOGRAPHIC NAME | |
| Geographic name | United Kingdom |
| Chronological subdivision | |
| 690 ## - LOCAL SUBJECT ADDED ENTRY--TOPICAL TERM (OCLC, RLIN) | |
| Topical term or geographic name as entry element | Infrastructure |
| 9 (RLIN) | 6246 |
| 690 ## - LOCAL SUBJECT ADDED ENTRY--TOPICAL TERM (OCLC, RLIN) | |
| Topical term or geographic name as entry element | Environment |
| 9 (RLIN) | 6238 |
| 856 40 - ELECTRONIC LOCATION AND ACCESS | |
| Uniform Resource Identifier | <a href="https://assets.dft.gov.uk/publications/hs2-governments-decisions/hs2-governments-decisions.pdf">https://assets.dft.gov.uk/publications/hs2-governments-decisions/hs2-governments-decisions.pdf</a> |
| Public note | view the publication free of charge at assets.dft.gov.uk |
| 856 40 - ELECTRONIC LOCATION AND ACCESS | |
| Uniform Resource Identifier | <a href="https://www.dft.gov.uk/publications/hs2-governments-decisions/">https://www.dft.gov.uk/publications/hs2-governments-decisions/</a> |
| Public note | View further documents about high speed rail in Britain free of charge at www.dft.gov.uk |
| 942 ## - ADDED ENTRY ELEMENTS (KOHA) | |
| Suppress in OPAC | 0 |
| Withdrawn status | Lost status | Source of classification or shelving scheme | Damaged status | Not for loan | Home library | Current library | Shelving location | Date acquired | Total Checkouts | Full call number | Barcode | Date last seen | Copy number | Price effective from | Koha item type |
|---|---|---|---|---|---|---|---|---|---|---|---|---|---|---|---|
| Dewey Decimal Classification | Virtual | Virtual | Online | 11/01/2012 | ONLINE PUBLICATION | 154669-2001 | 06/08/2019 | 1 | 06/08/2019 | Book |